Представление документа в формате RUSMARC

ПолеНазваниеЗначение
  Тип записи a
  Библиографический уровень a
001 Контрольный номер RU/CBS_UL/BASE/986d400bfca84710bdfe5860037a51b7
005 Дата корректировки 20260318230910.1
100 Данные общей обработки __
a Данные общей обработки 20260318 ||| 0rusy0189 ca
101 Язык документа 0_
a Язык текста rus
102 Страна публикации __
a Страна публикации RU
200 Заглавие и сведения об ответственности 1_
a Заглавие Кинул невод - вынул "неуд"!
e Сведения, относящиеся к заглавию [об истории школьных отметок с 19 в. до наших дней]
f Первые сведения об ответственности С. Борисов
300 Общие примечания __
a Общие примечания 16+
320 Библиография __
a Библиография Библиогр.: с. 133
461 Уровень набора _0
1 2000
a Родина
463 Уровень физической единицы _0
1 2000
a № 5
v С. 131-133 : ил.
1 2101
d 2021
1 001RU/CBS_UL/BASE/695229592
606 Тематические рубрики 0_
a Основная рубрика Контроль и оценка результатов обучения
610 Ключевые слова 0_
a Ключевые слова общеобразовательные школы, школьные оценки, балльные системы оценок, цифровые системы оценок, пятибалльные системы оценок, отечественная общеобразовательная школа, система оценок знаний, повседневная жизнь, история педагогики
686 Индексы других классификаций __
2 Код системы rubbk
a Классификационный индекс 74.202.8
700 Автор _1
a Фамилия Борисов
b Имя (инициалы) С.
801 Источник записи _0
a Страна RU
b Организация МБУК ЦБС г. Ульяновска
c Дата составления 20260318
g Правила каталогизации RCR
801 Источник записи _1
a Страна RU
b Организация МБУК ЦБС г. Ульяновска
c Дата составления 20260318
g Правила каталогизации RCR
901 Тип документа __
t Тип документа b
w Контрольный № источника RU/CBS_UL/BASE/695229592
909 Создатель записи __
a Создатель записи lib1